Museu del Prat : Centre d'Interpretació del Delta del Llobregat / guió i textos: Pau Esteban, Irma Fabró i Josep Antoni Melero Centre d'Interpretació del Delta del Llobregat / guió i textos:
Descripción Física:
64 p. : il., col. ; 30 cm
Materias:
Llobregat (Delta) -- Aspectes ambientals
MARC
| LEADER | 00000nam a2200000Ia 4500 | ||
|---|---|---|---|
| 001 | 12416 | ||
| 008 | 160829s9999 xx 000 0 cat d | ||
| 080 | |a C-1-34 | ||
| 100 | |a Esteban, Pau |9 36969 | ||
| 245 | |a Museu del Prat : |b Centre d'Interpretació del Delta del Llobregat / guió i textos: |b Pau Esteban, Irma Fabró i Josep Antoni Melero | ||
| 260 | |a Prat de Llobregat : |b Ajuntament, [1998?] | ||
| 300 | |a 64 p. : |b il., col. ; |c 30 cm | ||
| 590 | |a Textos en català i castellà. | ||
| 590 | |a Bibliografia | ||
| 650 | |a Llobregat (Delta) |x Aspectes ambientals |9 36970 | ||
| 700 | |a Fabró, Irma |9 36971 | ||
| 700 | |a Melero, Josep Antoni |9 36972 | ||
| 700 | |a Centre d'Interpretació del Delta del Llobregat |9 36974 | ||
| 710 | |a Prat de Llobregat (Catalunya). |b Ajuntament |9 53104 | ||
| 901 | |a Arxiu | ||
| 942 | |n 1 | ||
| 952 | |0 0 |1 0 |4 0 |6 C134 |7 1 |9 47589 |a Arxiu |b Arxiu |d 2016-12-01 |l 0 |o C-1-34 |p 12416 |r 2016-12-01 00:00:00 |w 2016-12-01 |y ARXIU | ||
| 999 | |c 51388 |d 51388 | ||